| 000 | 00836cab a22001815a 4500 | ||
|---|---|---|---|
| 001 | L147197 | ||
| 008 | 090414e20090402xxkd f s 000 0 eng d | ||
| 035 | _a(Sirsi) u147197 | ||
| 041 | 0 | _aeng | |
| 245 | 0 | 0 |
_aCivils lead to recovery _bthe property market might be depressed, but the north west construction industry still has grounds for optimisim as recession bites |
| 260 | _c2009 | ||
| 490 | 0 |
_aNew Civil Engineer _v2 April 2009, 32-33(2) |
|
| 520 | _aThere are several publicly funded construction contracts still available in the north west to give the construction industry work, based on evidence from the North West Regional Development Agency's regional strategy and intelligence published by the company Glenigan. | ||
| 590 | _aKA | ||
| 651 | 4 | _aNorth-West | |
| 690 | _aBUILT ENVIRONMENT-CONSTRUCTION MARKET | ||
| 942 | _n0 | ||
| 999 |
_c81426 _d81426 |
||